Common Medical Initials Quiz Stats

 Plays Quiz Updated Oct 28, 2020

Support Sporcle.
Go Orange.
Score 0/46 Timer 05:00
3 Plays Today
% Correct
Medical (Doctor of)
97.7%
Medical
95.4%
Medical
95.4%
Medical
95.4%
Nurse
95.2%
Nurse
95.2%
Nurse
95.2%
Nurse
95.2%
Doctor (Medicine)
93.7%
Doctor (of)
92.8%
Doctor (of)
92.8%
Doctor (of)
92.7%
Registered
90.7%
Registered
90.7%
Practitioner
89.7%
Practitioner
86.8%
Emergency
84.6%
Assistant
80.4%
Assistant
80.4%
Assistant
80.4%
General
78.7%
Medicine
72.8%
Dental
72.3%
% Correct
Dental
72.3%
Physical
71.9%
Technician
70.4%
Technician-
70.4%
Therapist
69.6%
Examiner
67.2%
Physician
65.2%
Licensed
61.9%
Licensed
61.9%
Certified
58.9%
Certified
58.9%
Veterinary
57.8%
Veterinary
57.8%
Practical
48.3%
Dietitian
45.5%
Surgery
43%
Health
33.6%
Master (of)
31.3%
Paramedic
30.7%
Public
27.4%
Vocational
23.3%
Optometry
21.8%
Midwife
13.7%

You're not logged in!

Compare scores with friends on all Sporcle quizzes.
OR
Log In

From the Vault

Upside Down Asia

by minshkins

Why'd it have to be Asia? Why couldn't they have flipped something else?!
Remove Ads.
Support Sporcle.
Get the best of Sporcle when you Go Orange. This ad-free experience offers more features, more stats, and more fun while also helping to support Sporcle. Thank you for becoming a member.

Show Comments

Extras

Top Quizzes Today


Score Distribution

Your Account Isn't Verified!

In order to create a playlist on Sporcle, you need to verify the email address you used during registration. Go to your Sporcle Settings to finish the process.

Report this User

Report this user for behavior that violates our Community Guidelines.

Details: